000
00293nam a2200109Ia 4500
008
200302s9999 xx 000 0 und d
100
_a
Robert Gottlieb
245
_a
Reinventing Los Angeles : Nature And Community In The Global City
260
_b
The MIT Press
260
_c
2007
300
_a
430 P
999
_c
4831
_d
4831